000
00259nam a2200109Ia 4500
005
20251222144701.0
008
251222s9999||||xx |||||||||||||| ||spa||
082
_a
274.74/P42
100
_a
Peña, Angel
245
0
_a
Luces y Sombras de la Iglesia
942
_c
LIB
999
_c
17447
_d
17447